Bundesliga - Ewige Torjägerliste - Statistiken

Allgemein
  • Dieses Quiz wurde 798 mal gespielt
  • Das Durchschnittsergebnis liegt bei 31 aus 100
Antwortstatistiken
Tore Meiste Tore für Antwort % Korrekt
365 Bayern München Gerd Müller
100%
312 Bayern München Robert Lewandowski
98%
137 Bayern München Thomas Müller
96%
177 1. FC Köln Dieter Müller
95%
144 Borussia Dortmund Marco Reus
71%
121 Werder Bremen Miroslav Klose
71%
170 Bayern München Mario Gómez
68%
197 Werder Bremen Claudio Pizarro
65%
144 Bayer Leverkusen Stefan Kießling
63%
79 Fortuna Düsseldorf Wolfgang Seel
62%
99 Bayern München Arjen Robben
61%
162 Bayern München Karl-Heinz Rummenigge
61%
80 Bayern München Michael Rummenigge
61%
86 Bayern München Franck Ribery
60%
137 Hamburger SV Uwe Seeler
60%
106 Werder Bremen Ailton
58%
133 Bayern München Giovanné Elber
58%
220 Borussia Mönchengladbach Jupp Heynckes
58%
268 FC Schalke 04 Klaus Fischer
58%
84 FC Schalke 04 Klaas-Jan Huntelaar
54%
98 Borussia Dortmund Pierre-Emerick Aubameyang
54%
127 Bayern München Dieter Hoeneß
53%
132 Werder Bremen Rudi Völler
53%
86 Bayern München Uli Hoeneß
53%
93 Eintracht Frankfurt Alexander Meier
51%
110 VfB Stuttgart Jürgen Klinsmann
50%
182 Bayer Leverkusen Ulf Kirsten
49%
121 Bayern München Lothar Matthäus
48%
77 Bayern München Michael Ballack
48%
91 Rasenballsport Leipzig Timo Werner
47%
82 Borussia Mönchengladbach Günter Netzer
40%
177 1. FC Köln Klaus Allofs
40%
148 Fortuna Düsseldorf Thomas Allofs
40%
108 VfB Stuttgart Fredi Bobic
39%
157 VfB Stuttgart Fritz Walter
38%
131 Borussia Dortmund Michael Zorc
35%
78 Bayern München Roy Makaay
34%
136 Hamburger SV Horst Hrubesch
33%
213 Borussia Dortmund Manfred Burgsmüller
33%
88 SC Freiburg Nils Petersen
32%
127 Hertha BSC Vedad Ibisevic
32%
88 TSG Hoffenheim Andrej Kramaric
31%
98 Bayer Leverkusen Bum-kun Cha
31%
126 1860 München Martin Max
31%
107 Borussia Mönchengladbach Uwe Rahn
31%
83 1. FC Köln Anthony Modeste
29%
91 Hertha BSC Michael Preetz
28%
179 1. FC Kaiserslautern Stefan Kuntz
27%
110 Borussia Dortmund Andreas Möller
25%
111 FC Schalke 04 Kevin Kuranyi
25%
98 Bayern München Mehmet Scholl
25%
93 Bayern München Paul Breitner
25%
106 Borussia Dortmund Stéphane Chapuisat
24%
96 Eintracht Frankfurt Anthony Yeboah
23%
82 FC Schalke 04 Olaf Thon
23%
95 Hamburger SV Sergej Barbarez
23%
88 VfB Stuttgart Cacau
22%
115 Borussia Dortmund Lothar Emmerich
22%
160 Eintracht Frankfurt Bernd Hölzenbein
21%
101 Werder Bremen Marco Bode
20%
116 1. FC Köln Pierre Littbarski
20%
83 1. FC Köln Wolfgang Overath
20%
109 Eintracht Frankfurt Jürgen Grabowski
19%
90 1. FC Köln Toni Polster
19%
91 Bayer Leverkusen Oliver Neuville
18%
102 Bayern München Bruno Labbaddia
17%
97 Werder Bremen Max Kruse
17%
83 Borussia Mönchengladbach Raffael
17%
120 Bayern München Roland Wohlfarth
16%
166 1. FC Köln Hannes Löhr
15%
123 Borussia Dortmund Frank Mill
14%
129 VfB Stuttgart Karl Allgöwer
14%
77 Bayer Leverkusen Kevin Volland
14%
91 Eintracht Frankfurt Uwe Bein
13%
83 Bayer Uerdingen Friedhelm Funkel
12%
108 1. FC Kaiserslautern Klaus Toppmöller
11%
97 Werder Bremen Frank Neubarth
10%
141 Eintracht Frankfurt Bernd Nickel
8%
92 Rot Weiß Essen Willi Lippens
8%
94 Borussia Mönchengladbach Hans-Jörg Criens
7%
84 1. FC Nürnberg Dieter Eckstein
6%
95 Hertha BSC Erich Beer
6%
98 Kickers Offenbach Erwin Kostedde
6%
81 1. FC Köln Heinz Flohe
6%
100 Hamburger SV Thomas von Heesen
6%
125 Hamburger SV Georg Volkert
5%
121 Borussia Mönchengladbach Herbert Laumen
5%
119 MSV Duisburg Ronnie Worm
5%
97 1. FC Nürnberg Franz Brungs
4%
96 VfB Stuttgart Hermann Ohlicher
4%
106 Bayer Leverkusen Christian Schreier
3%
84 Eintracht Braunschweig Lothar Ulsaß
3%
113 Fortuna Düsseldorf Reiner Geye
3%
93 Hamburger SV Willi Reimann
3%
89 Eintracht Braunschweig Wolfgang Frank
3%
119 Borussia Mönchengladbach Bernd Rupp
2%
83 VfB Stuttgart Horst Köppel
2%
86 VfB Stuttgart Karl-Heinz Handschuh
1%
91 Eintracht Frankfurt Rüdiger Wenzel
1%
87 Werder Bremen Werner Weist
1%
Keine übereinstimmenden Quizze gefunden
Verteilung der Resultate
Anzahl Personen mit jedem Resultat
Perzentil nach korrekt beantworteten Fragen
Ihre Resultats-Entwicklung
Sie haben dieses Quiz noch nicht gespielt